[Event "COL-ch sf"]
[Site "Pereira"]
[Date "2024.03.27"]
[Round "3"]
[White "Lopez Idarraga, Daniel Eduardo"]
[Black "Hernandez Montes, Jhon Sebastian"]
[Result "0-1"]
[WhiteElo "2010"]
[BlackElo "2311"]
[PlyCount "92"]
[EventDate "2024.03.26"]
[EventType "swiss"]
[EventRounds "11"]
[EventCountry "COL"]
[SourceTitle "CB14_2024"]
[SourceDate "2024.04.01"]
[SourceVersion "1"]
[SourceVersionDate "2024.04.01"]
[SourceQuality "1"]

1. e4 c5 2. Nc3 Nc6 3. Bb5 Nd4 4. Nf3 a6 5. Bc4 b5 6. Bd5 Rb8 7. d3 e6 8. Bb3 Nxb3 9. axb3 Bb7 10. 0-0 Ne7 11. Bg5 Qc7 12. Re1 h6 13. Bh4 d6 14. d4 Ng6 15. Bg3 Be7 16. d5 e5 17. Ne2 Bc8 18. Nd2 h5 19. h3 h4 20. Bh2 0-0 21. f4 exf4 22. Nxf4 Bf6 23. c3 Re8 24. Nxg6 fxg6 25. Nf3 Bb7 26. Qd2 Rbd8 27. Ng5 Bc8 28. Bf4 a5 29. Qf2 Re5 30. Bxe5 Bxg5 31. Bh2 Re8 32. Rad1 Bf6 33. Qf4 Rd8 34. Qe3 Re8 35. Bf4 Qe7 36. Qd3 g5 37. Bh2 Qd7 38. Ra1 g4 39. hxg4 Qxg4 40. Bxd6 Qg6 41. Rxa5 Bd8 42. Ra8 c4 43. bxc4 bxc4 44. Qxc4 Bh3 45. Re2 Bb6+ 46. Bc5 Rxa8 0-1

[Event "Cerete op 32nd"]
[Site "Cerete"]
[Date "2024.03.21"]
[Round "2"]
[White "Acosta Gomez, Laureano"]
[Black "Hernandez Montes, Jhon Sebastian"]
[Result "0-1"]
[WhiteElo "1602"]
[BlackElo "2311"]
[PlyCount "50"]
[EventDate "2024.03.21"]
[EventType "swiss"]
[EventRounds "8"]
[EventCountry "COL"]
[SourceTitle "CB15_2024"]
[SourceDate "2024.04.10"]
[SourceVersion "1"]
[SourceVersionDate "2024.04.10"]
[SourceQuality "1"]

1. e4 c5 2. Nf3 Nc6 3. c3 Nf6 4. d3 d6 5. Be2 g6 6. h3 Bg7 7. 0-0 0-0 8. Be3 Rb8 9. Nbd2 e5 10. Nh2 Qe7 11. Ng4 Ne8 12. Nh2 f5 13. exf5 gxf5 14. f3 Nf6 15. Bg5 d5 16. Qe1 h6 17. Bh4 Qe6 18. f4 exf4 19. Rxf4 Bd7 20. Bf3 Ne5 21. Qf1 Ng6 22. Re1 Qd6 23. Bg3 Nxf4 24. Bxf4 Qxf4 25. Bxd5+ Nxd5 0-1

[Event "Iberoamerican-ch 9th"]
[Site "Panama City"]
[Date "2023.11.30"]
[Round "7"]
[White "Hernandez Montes, Jhon Sebastian"]
[Black "Sanchez Alvarez, Roberto Carlos"]
[Result "1-0"]
[WhiteElo "2280"]
[BlackElo "2437"]
[PlyCount "87"]
[EventDate "2023.11.25"]
[EventType "swiss"]
[EventRounds "9"]
[EventCountry "PAN"]
[SourceTitle "CB49_2023"]
[SourceDate "2023.12.06"]
[SourceVersion "1"]
[SourceVersionDate "2023.12.06"]
[SourceQuality "1"]

1. e4 c5 2. c3 d5 3. exd5 Qxd5 4. d4 Nf6 5. Nf3 Nc6 6. Be2 cxd4 7. cxd4 e6 8. Nc3 Qd6 9. 0-0 Be7 10. Nb5 Qd8 11. Bf4 Nd5 12. Bg3 0-0 13. Qd2 b6 14. Rac1 Bb7 15. Rfd1 a6 16. Nc3 Bb4 17. Qd3 Rc8 18. h3 h6 19. Ne4 Be7 20. Qb1 Nf6 21. Nc3 b5 22. a3 Na5 23. Be5 Nb3 24. Rc2 Nd5 25. Ne4 Qb6 26. Rd3 Nf4 27. Re3 Nxe2+ 28. Rexe2 f6 29. Bg3 Nxd4 30. Nxd4 Qxd4 31. Nc3 Qb6 32. Rcd2 Rfd8 33. Qg6 e5 34. Bxe5 Bc5 35. Bf4 Qc6 36. Ne4 Rxd2 37. Bxd2 Bd4 38. Bxh6 f5 39. Nd6 Rd8 40. Qf7+ Kh8 41. Nxb7 Bxf2+ 42. Kxf2 Qxh6 43. Nxd8 Qf4+ 44. Kg1 1-0

[Event "Medellin Flores op 30th"]
[Site "Medellin"]
[Date "2023.08.07"]
[Round "8"]
[White "Hernandez Montes, Jhon Sebastian"]
[Black "Pinero Rodriguez, Carlos Jose"]
[Result "1-0"]
[WhiteElo "2275"]
[BlackElo "2246"]
[PlyCount "111"]
[EventDate "2023.08.03"]
[EventType "swiss"]
[EventRounds "9"]
[EventCountry "COL"]
[SourceTitle "CBM 215 Extra"]
[Source "ChessBase"]
[SourceDate "2023.09.30"]
[SourceVersion "1"]
[SourceVersionDate "2023.09.30"]
[SourceQuality "1"]

1. d4 c5 2. e3 Nf6 3. Nf3 e6 4. c4 b6 5. Nc3 Bb7 6. Bd3 d6 7. Qe2 Nbd7 8. 0-0 a6 9. a3 Qc7 10. Bd2 Be7 11. Rac1 h6 12. Rfd1 g5 13. d5 g4 14. Ne1 Ne5 15. e4 h5 16. f4 gxf3 17. Nxf3 Nxf3+ 18. gxf3 e5 19. Kf2 h4 20. Rg1 Nh5 21. Be3 Bf6 22. Qd2 Qe7 23. Bf1 Bc8 24. b4 Nf4 25. Ne2 Nh5 26. Rb1 h3 27. Bg5 cxb4 28. Rxb4 b5 29. Bxf6 Qxf6 30. Qg5 Qxg5 31. Rxg5 f6 32. Rg1 Bd7 33. cxb5 axb5 34. Rb3 Ke7 35. Nc3 Rac8 36. Ke3 Rc5 37. Bd3 Rhc8 38. Kd2 Kf8 39. Rc1 Nf4 40. Bxb5 Rb8 41. Rcb1 Bc8 42. Bc6 Rxb3 43. Rxb3 Ba6 44. Bb5 Bc8 45. Na4 Rc7 46. Rc3 Rxc3 47. Kxc3 Ng2 48. Kd2 Nh4 49. Ke3 f5 50. Nb6 f4+ 51. Kf2 Bb7 52. a4 Ke7 53. a5 Kd8 54. a6 Bxa6 55. Bxa6 Kc7 56. Na4 1-0

[Event "Medellin Flores op 30th"]
[Site "Medellin"]
[Date "2023.08.05"]
[Round "4"]
[White "Hernandez Montes, Jhon Sebastian"]
[Black "Zapata Montoya, Andres Geronimo"]
[Result "1/2-1/2"]
[WhiteElo "2275"]
[BlackElo "2033"]
[PlyCount "98"]
[EventDate "2023.08.03"]
[EventType "swiss"]
[EventRounds "9"]
[EventCountry "COL"]
[SourceTitle "CBM 215 Extra"]
[Source "ChessBase"]
[SourceDate "2023.09.30"]
[SourceVersion "1"]
[SourceVersionDate "2023.09.30"]
[SourceQuality "1"]

1. d4 Nf6 2. Bg5 h6 3. Bxf6 exf6 4. g3 d5 5. Bg2 c6 6. e3 Qb6 7. Qc1 Be6 8. Ne2 Bd6 9. 0-0 h5 10. Nd2 Qa6 11. Nf4 Bxf4 12. exf4 h4 13. Re1 0-0 14. Nf3 hxg3 15. hxg3 Nd7 16. Nh4 f5 17. Bh3 Qb6 18. c3 g6 19. Nxg6 fxg6 20. Rxe6 Kf7 21. Qe3 Rae8 22. Re1 Qd8 23. f3 Nf6 24. Qe5 Rxe6 25. Qxe6+ Kg7 26. Qe7+ Qxe7 27. Rxe7+ Rf7 28. Re6 Nh5 29. Kf2 Rf6 30. Re7+ Rf7 31. Re5 Kf8 32. Bf1 Rd7 33. a4 Kg7 34. Re8 Kf7 35. Ra8 a6 36. b4 Nf6 37. Bd3 Rc7 38. Ra7 Ne8 39. g4 Kf6 40. a5 Re7 41. c4 Nd6 42. c5 Ne8 43. Bxa6 bxa6 44. Rxa6 Re6 45. Rb6 Nc7 46. Rb7 Re7 47. Rb6 Re6 48. Rb7 Re7 49. Rb6 Re6 1/2-1/2

[Event "Medellin Feria de las Flores op"]
[Site "Medellin"]
[Date "2022.08.04"]
[Round "3"]
[White "Cordoba Roa, Angel Gabriel"]
[Black "Hernandez Montes, Jhon Sebastian"]
[Result "0-1"]
[WhiteElo "2062"]
[BlackElo "2269"]
[PlyCount "71"]
[EventDate "2022.08.03"]
[EventType "swiss"]
[EventRounds "9"]
[EventCountry "COL"]
[SourceTitle "CBM 209 Extra"]
[Source "ChessBase"]
[SourceDate "2022.09.30"]
[SourceVersion "1"]
[SourceVersionDate "2022.09.30"]
[SourceQuality "1"]

1. e4 d6 2. d4 Nf6 3. Nc3 g6 4. f4 c6 5. Nf3 Bg7 6. Bd3 Qb6 7. Qe2 0-0 8. e5 dxe5 9. dxe5 Nd5 10. Nxd5 cxd5 11. c3 Nd7 12. Be3 Nc5 13. 0-0 Qc7 14. Bc2 b6 15. Rfd1 Bb7 16. Nd4 Qc8 17. a4 f6 18. exf6 Bxf6 19. a5 e5 20. fxe5 Bxe5 21. Nf3 Bf6 22. Bd4 Qc6 23. Qd2 Ne4 24. Qh6 bxa5 25. Rxa5 Bxd4+ 26. Rxd4 Qb6 27. Ra2 Rae8 28. h3 Ng3 29. Bd3 Ne2+ 30. Bxe2 Rxe2 31. Kf1 Ba6 32. Rxa6 Qxa6 33. Rh4 Rxf3+ 34. Kg1 Rxg2+ 35. Kxg2 Qf1+ 36. Kh2 0-1

[Event "Bogota El Tablazo op-A"]
[Site "Bogota"]
[Date "2022.06.26"]
[Round "8"]
[White "Palencia Morales, Wilson Guillermo"]
[Black "Hernandez Montes, Jhon Sebastian"]
[Result "1/2-1/2"]
[WhiteElo "2287"]
[BlackElo "2281"]
[PlyCount "126"]
[EventDate "2022.06.23"]
[EventType "swiss"]
[EventRounds "10"]
[EventCountry "COL"]
[SourceTitle "EXT 2023"]
[Source "ChessBase"]
[SourceDate "2022.10.05"]
[SourceVersion "1"]
[SourceVersionDate "2022.10.05"]
[SourceQuality "1"]

1. d4 Nf6 2. Nf3 g6 3. c4 c5 4. Nc3 cxd4 5. Nxd4 Bg7 6. e4 0-0 7. Be3 Nc6 8. Be2 d6 9. 0-0 Bd7 10. Qd2 Ng4 11. Bxg4 Bxg4 12. Nxc6 bxc6 13. f3 Be6 14. b3 Qa5 15. Rac1 Rfd8 16. Rfd1 Rd7 17. Ne2 Qxd2 18. Bxd2 f5 19. exf5 Bxf5 20. g4 Be6 21. Kg2 Bf7 22. Bc3 e5 23. f4 exf4 24. Bxg7 Kxg7 25. Nxf4 Re8 26. Re1 Re5 27. Nd3 Rg5 28. Nf2 Ra5 29. Re2 g5 30. Nd3 Rb7 31. Kg3 Ra3 32. Ne1 a5 33. Nf3 a4 34. Nd4 axb3 35. axb3 c5 36. Nf5+ Kg8 37. Nxd6 Rbxb3+ 38. Kg2 Re3 39. Rb2 Bg6 40. Rf1 Rab3 41. Ra2 Ra3 42. Rxa3 Rxa3 43. Re1 Rd3 44. Nb5 Rd2+ 45. Kf3 Rc2 46. Nd6 Rd2 47. Nb5 Rc2 48. Re5 Rxc4 49. Rxg5 Rc1 50. h4 Kf8 51. Re5 Bd3 52. Nc7 c4 53. Rc5 c3 54. Ne6+ Ke7 55. Nf4 Bc2 56. Ke3 Bd1 57. g5 c2 58. Kd2 Ra1 59. Nd3 Ra4 60. h5 Bxh5 61. Rc7+ Kf8 62. Rxh7 Bg6 63. Rh3 Kg7 1/2-1/2

[Event "Pereira Gildardo Garcia Memorial-A"]
[Site "Pereira"]
[Date "2022.05.22"]
[Round "9"]
[White "Hernandez Montes, Jhon Sebastian"]
[Black "Prasca Sosa, Rafael Felipe"]
[Result "1-0"]
[WhiteElo "2241"]
[BlackElo "2355"]
[PlyCount "115"]
[EventDate "2022.05.18"]
[EventType "swiss"]
[EventRounds "10"]
[EventCountry "COL"]
[SourceTitle "CBM 208 Extra"]
[Source "ChessBase"]
[SourceDate "2022.07.31"]
[SourceVersion "1"]
[SourceVersionDate "2022.07.31"]
[SourceQuality "1"]

1. Nf3 d5 2. g3 c6 3. Bg2 Bf5 4. 0-0 e6 5. d3 Nf6 6. Nbd2 h6 7. Qe1 Be7 8. e4 Bh7 9. Qe2 0-0 10. h3 a5 11. Ne5 a4 12. a3 c5 13. f4 Nc6 14. Nxc6 bxc6 15. Kh1 Nd7 16. g4 Kh8 17. f5 exf5 18. gxf5 Nb6 19. Qh5 Nd7 20. Qe2 Nb6 21. e5 f6 22. e6 Nc8 23. Qg4 Bd6 24. Nf3 Ne7 25. Nh4 Rg8 26. Qh5 Qe8 27. Qf3 Qb8 28. Qh5 Qe8 29. Qg4 Ra7 30. Be3 Rb7 31. Rab1 Qb8 32. Bc1 Be5 33. Qxa4 d4 34. Qc4 g5 35. fxg6 Nxg6 36. Nf3 Nf4 37. Bxf4 Bxf4 38. Rbe1 Be3 39. Re2 Qg3 40. e7 Rxe7 41. Qxc5 Reg7 42. Qh5 f5 43. Qh4 Qd6 44. Qh5 Rg3 45. c3 c5 46. b4 dxc3 47. bxc5 Qxd3 48. Ne5 Qd4 49. Nf7+ Kg7 50. Nd6 Kh8 51. Nf7+ Kg7 52. Nxh6 f4 53. Nxg8 Bxg8 54. c6 Bf7 55. Qh4 Qc4 56. Rxe3 Rxe3 57. Rxf4 Qc5 58. Qf6+ 1-0

[Event "Pereira Gildardo Garcia Memorial-A"]
[Site "Pereira"]
[Date "2022.05.21"]
[Round "8"]
[White "Gonzalez Velasco, Leandro"]
[Black "Hernandez Montes, Jhon Sebastian"]
[Result "0-1"]
[WhiteElo "2054"]
[BlackElo "2241"]
[PlyCount "102"]
[EventDate "2022.05.18"]
[EventType "swiss"]
[EventRounds "10"]
[EventCountry "COL"]
[SourceTitle "CBM 208 Extra"]
[Source "ChessBase"]
[SourceDate "2022.07.31"]
[SourceVersion "1"]
[SourceVersionDate "2022.07.31"]
[SourceQuality "1"]

1. e4 g6 2. d4 Bg7 3. Nc3 d6 4. Be3 c6 5. Qd2 Nd7 6. f3 Ngf6 7. g4 Qc7 8. h4 h5 9. g5 Ng8 10. 0-0-0 b5 11. f4 Nb6 12. b3 e6 13. f5 exf5 14. exf5 Bxf5 15. Bf4 b4 16. Re1+ Ne7 17. Ne4 Bxe4 18. Rxe4 Nbd5 19. Bc4 0-0 20. Ne2 Nxf4 21. Rxf4 d5 22. Bd3 c5 23. dxc5 a5 24. Qe3 Rac8 25. Rhf1 Qxc5 26. Qf3 Nc6 27. Qf2 Ne5 28. Qxc5 Rxc5 29. Kd2 Rfc8 30. Rc1 R8c7 31. Rff1 Ng4 32. Rf4 Be5 33. Rf3 Kg7 34. Rff1 Re7 35. Rce1 f6 36. Nd4 fxg5 37. hxg5 Rcc7 38. Nb5 Rcd7 39. Be2 Bg3 40. Rb1 Nh2 41. Rg1 Bf4+ 42. Kd1 Re4 43. c3 bxc3 44. Bd3 Re5 45. Nxc3 Ng4 46. Kc2 Bxg5 47. Rbe1 Be3 48. Rg2 Rc7 49. Kb2 Bd4 50. Rc1 Re3 51. Rd2 Ne5 0-1

[Event "Pereira Gildardo Garcia Memorial-A"]
[Site "Pereira"]
[Date "2022.05.21"]
[Round "7"]
[White "Hernandez Montes, Jhon Sebastian"]
[Black "Saladen Dulce, Rafael"]
[Result "1-0"]
[WhiteElo "2241"]
[BlackElo "2147"]
[PlyCount "129"]
[EventDate "2022.05.18"]
[EventType "swiss"]
[EventRounds "10"]
[EventCountry "COL"]
[SourceTitle "CBM 208 Extra"]
[Source "ChessBase"]
[SourceDate "2022.07.31"]
[SourceVersion "1"]
[SourceVersionDate "2022.07.31"]
[SourceQuality "1"]

1. Nf3 Nf6 2. g3 d5 3. Bg2 c6 4. d3 Bg4 5. Nbd2 Nbd7 6. 0-0 e5 7. e4 dxe4 8. dxe4 Bc5 9. Qe2 0-0 10. Nc4 Qc7 11. a4 a5 12. Bd2 b6 13. c3 Ne8 14. h3 Bh5 15. Rfd1 f6 16. Be3 Rd8 17. Bxc5 Nxc5 18. Rxd8 Qxd8 19. Nxa5 Qa8 20. Nc4 Qa6 21. Bf1 b5 22. Ncd2 Qa7 23. Qe3 Rf7 24. Ra3 bxa4 25. Bc4 Qe7 26. Nh4 Ne6 27. Nf5 Qd7 28. Rxa4 c5 29. Ra8 Rf8 30. Qxc5 Bf7 31. Qd5 Qc7 32. Qc6 g6 33. Bxe6 Qxc6 34. Ne7+ Kg7 35. Nxc6 Bxe6 36. Kh2 Bd7 37. Nb4 Rf7 38. Ra7 Nd6 39. c4 f5 40. exf5 gxf5 41. Nf3 Nxc4 42. b3 Be6 43. Rxf7+ Bxf7 44. bxc4 Bxc4 45. Nxe5 Bb3 46. f4 Be6 47. Kg2 Bc8 48. Kf2 Bb7 49. Ke3 Bg2 50. h4 Bb7 51. Kd4 Bg2 52. Kc5 Bb7 53. Kd6 Kf6 54. Nd5+ Kg7 55. Ne3 Kf6 56. Nd7+ Kg6 57. Ke7 Be4 58. Ke6 h6 59. Ne5+ Kh5 60. Kf6 Bb1 61. Nd7 Bc2 62. Nf8 Bb3 63. Ne6 Bxe6 64. Kxe6 Kg6 65. Nxf5 1-0

[Event "Pereira Gildardo Garcia Memorial-A"]
[Site "Pereira"]
[Date "2022.05.19"]
[Round "3"]
[White "Soto, Cristian Camilo"]
[Black "Hernandez Montes, Jhon Sebastian"]
[Result "1/2-1/2"]
[WhiteElo "2140"]
[BlackElo "2241"]
[PlyCount "38"]
[EventDate "2022.05.18"]
[EventType "swiss"]
[EventRounds "10"]
[EventCountry "COL"]
[SourceTitle "CBM 208 Extra"]
[Source "ChessBase"]
[SourceDate "2022.07.31"]
[SourceVersion "1"]
[SourceVersionDate "2022.07.31"]
[SourceQuality "1"]

1. c4 c5 2. Nc3 Nf6 3. Nf3 e6 4. e4 d6 5. g3 b6 6. Bg2 Bb7 7. Qe2 Nc6 8. 0-0 Nd7 9. d3 Be7 10. Be3 Nde5 11. Nd2 Nd4 12. Bxd4 cxd4 13. Nb5 Nc6 14. f4 0-0 15. Nf3 e5 16. Na3 a6 17. Nc2 Bc8 18. f5 Bd7 19. b3 b5 1/2-1/2

[Event "American World Cup Q Prelim"]
[Site "Tornelo INT"]
[Date "2021.05.09"]
[Round "7"]
[White "Hernandez Montes, Jhon Sebastian"]
[Black "Berdayes Ason, Dylan Isidro"]
[Result "0-1"]
[WhiteElo "2241"]
[BlackElo "2445"]
[PlyCount "100"]
[EventDate "2021.05.08"]
[EventType "swiss (rapid)"]
[EventRounds "9"]
[EventCountry "USA"]
[SourceTitle "CBM 202 Extra"]
[Source "ChessBase"]
[SourceDate "2021.07.31"]
[SourceVersion "1"]
[SourceVersionDate "2021.07.31"]
[SourceQuality "1"]

1. e4 c5 2. Nf3 d6 3. Bb5+ Nc6 4. 0-0 Bd7 5. Re1 Nf6 6. c3 a6 7. Bf1 Bg4 8. h3 Bxf3 9. Qxf3 e6 10. d3 Be7 11. a3 0-0 12. Bg5 h6 13. Bh4 d5 14. exd5 Nxd5 15. Bxe7 Qxe7 16. Nd2 Rfd8 17. Rad1 Rd7 18. Qg3 Rad8 19. Nc4 Qg5 20. Qxg5 hxg5 21. g3 Re7 22. a4 f6 23. Bg2 Kf7 24. a5 Red7 25. Kf1 Nde7 26. Ke2 Rc7 27. Bf1 Ng6 28. Ke3 Nge5 29. Nxe5+ Nxe5 30. Ra1 Rcd7 31. Red1 f5 32. Ra4 Kf6 33. f4 gxf4+ 34. gxf4 Nc6 35. Rc4 Nxa5 36. Rxc5 Nc6 37. d4 Ne7 38. Kf3 Rh8 39. Re1 Ng6 40. Kg3 Re7 41. Bc4 Rd8 42. b4 Nf8 43. b5 axb5 44. Bxb5 Ra8 45. Bc4 Ra3 46. Re3 g5 47. fxg5+ Kxg5 48. h4+ Kf6 49. Rc8 Ng6 50. Rd3 Rh7 0-1

[Event "American World Cup Q Prelim"]
[Site "Tornelo INT"]
[Date "2021.05.08"]
[Round "2"]
[White "Roselli Mailhe, Bernardo"]
[Black "Hernandez Montes, Jhon Sebastian"]
[Result "1-0"]
[WhiteElo "2434"]
[BlackElo "2241"]
[PlyCount "43"]
[EventDate "2021.05.08"]
[EventType "swiss (rapid)"]
[EventRounds "9"]
[EventCountry "USA"]
[SourceTitle "CBM 202 Extra"]
[Source "ChessBase"]
[SourceDate "2021.07.31"]
[SourceVersion "1"]
[SourceVersionDate "2021.07.31"]
[SourceQuality "1"]

1. d4 Nf6 2. c4 g6 3. Nc3 Bg7 4. e4 d6 5. Nf3 0-0 6. Be2 e5 7. d5 Na6 8. Bg5 Nc5 9. Nd2 h6 10. Be3 a5 11. 0-0 Bd7 12. b3 Ne8 13. a3 f5 14. f3 f4 15. Bf2 Qg5 16. Kh1 Qe7 17. b4 Na6 18. c5 dxc5 19. b5 Nb8 20. Nc4 Nd6 21. Bxc5 Qf6 22. Bxd6 1-0

[Event "Guillermo Garcia Memorial-B 27th"]
[Site "Santa Clara"]
[Date "2018.05.30"]
[Round "8"]
[White "Duran Vega, Sergio"]
[Black "Hernandez Montes, Jhon Sebastian"]
[Result "1-0"]
[WhiteElo "2360"]
[BlackElo "2257"]
[PlyCount "45"]
[EventDate "2018.05.22"]
[EventType "tourn"]
[EventRounds "9"]
[EventCountry "CUB"]
[EventCategory "8"]
[SourceTitle "CBM 184 Extra"]
[Source "ChessBase"]
[SourceDate "2018.06.28"]
[SourceVersion "1"]
[SourceVersionDate "2018.06.28"]
[SourceQuality "1"]

1. d4 Nf6 2. c4 g6 3. g3 Bg7 4. Bg2 0-0 5. Nc3 d6 6. Nf3 c6 7. 0-0 Qa5 8. Bd2 Qh5 9. Qb3 Na6 10. h4 h6 11. Qa3 Rd8 12. Rad1 Nc7 13. b3 Ng4 14. e4 g5 15. hxg5 Ne6 16. Ne2 hxg5 17. d5 Nc5 18. Bxg5 f6 19. Nf4 Qh7 20. Bh4 Nxe4 21. Rde1 c5 22. Nh2 Nd2 23. Qa5 1-0

[Event "COL-ch sf"]
[Site "Medellin"]
[Date "2018.03.17"]
[Round "6"]
[White "Mateus, Martha"]
[Black "Hernandez Montes, Jhon Sebastian"]
[Result "0-1"]
[WhiteElo "2125"]
[BlackElo "2310"]
[PlyCount "74"]
[EventDate "2018.03.14"]
[EventType "swiss"]
[EventRounds "10"]
[EventCountry "COL"]
[SourceTitle "CBM 183 Extra"]
[Source "ChessBase"]
[SourceDate "2018.04.19"]
[SourceVersion "1"]
[SourceVersionDate "2018.04.19"]
[SourceQuality "1"]

1. e4 g6 2. d4 Bg7 3. Nc3 c6 4. a4 d6 5. g3 Qb6 6. Nge2 Bg4 7. Qd3 a5 8. h3 Bd7 9. Bg2 Na6 10. 0-0 Nf6 11. Be3 h5 12. Kh1 Qc7 13. f4 d5 14. Ng1 Nb4 15. Qd2 dxe4 16. Nxe4 Bf5 17. Nxf6+ Bxf6 18. Rfc1 Rd8 19. Nf3 Nd5 20. Ne5 Nxe3 21. Qxe3 Qb6 22. c3 0-0 23. Qe2 Bxe5 24. fxe5 f6 25. g4 hxg4 26. hxg4 Bc8 27. Rf1 Kg7 28. exf6+ exf6 29. g5 Rde8 30. gxf6+ Kf7 31. Qf2 Qc7 32. Kg1 Bf5 33. Rfe1 Kxf6 34. Qh4+ Kg7 35. Rxe8 Rxe8 36. Re1 Rxe1+ 37. Qxe1 Qd6 0-1

[Event "COL-ch sf"]
[Site "Medellin"]
[Date "2018.03.16"]
[Round "5"]
[White "Lora, Joel Fernando"]
[Black "Hernandez Montes, Jhon Sebastian"]
[Result "1/2-1/2"]
[WhiteElo "2184"]
[BlackElo "2310"]
[PlyCount "79"]
[EventDate "2018.03.14"]
[EventType "swiss"]
[EventRounds "10"]
[EventCountry "COL"]
[SourceTitle "CBM 183 Extra"]
[Source "ChessBase"]
[SourceDate "2018.04.19"]
[SourceVersion "1"]
[SourceVersionDate "2018.04.19"]
[SourceQuality "1"]

1. d4 g6 2. Nf3 Bg7 3. g3 Nf6 4. Bg2 d6 5. 0-0 0-0 6. h3 Nbd7 7. c4 c6 8. Nc3 e5 9. dxe5 Nxe5 10. Nxe5 dxe5 11. Qxd8 Rxd8 12. Be3 Bf8 13. Rad1 Be6 14. b3 Kg7 15. Na4 Be7 16. Nc5 Bc8 17. a4 Nd7 18. Ne4 f5 19. Nd6 Nf8 20. Bc5 Bf6 21. Nxc8 Rdxc8 22. e3 Re8 23. a5 a6 24. Rfe1 Be7 25. Bxe7 Rxe7 26. Rd6 Rd7 27. Rxd7+ Nxd7 28. Rd1 Nf6 29. Kf1 Kf7 30. Ke2 Ke7 31. b4 Ne8 32. Rb1 Nd6 33. Kd3 Rd8 34. Kc3 Kd7 35. h4 Ke6 36. f3 h6 37. Bf1 Rd7 38. Be2 Rg7 39. Rh1 Rd7 40. Rb1 1/2-1/2

[Event "Medellin Conconcreto op"]
[Site "Medellin"]
[Date "2018.01.28"]
[Round "7"]
[White "Escobar Medina, Andres F"]
[Black "Hernandez Montes, Jhon Sebastian"]
[Result "1-0"]
[WhiteElo "2316"]
[BlackElo "2313"]
[PlyCount "81"]
[EventDate "2018.01.24"]
[EventType "swiss"]
[EventRounds "7"]
[EventCountry "COL"]
[SourceTitle "CBM 182 Extra"]
[Source "ChessBase"]
[SourceDate "2018.02.23"]
[SourceVersion "1"]
[SourceVersionDate "2018.02.23"]
[SourceQuality "1"]

1. e4 g6 2. d4 Bg7 3. Nc3 d6 4. Bg5 c6 5. Qd2 Qa5 6. h4 Nf6 7. Be2 h6 8. Be3 b5 9. f3 Nbd7 10. a3 a6 11. Nh3 Qc7 12. Rd1 Bb7 13. Nf2 c5 14. d5 Rc8 15. Na2 Nh5 16. c3 Ng3 17. Rh3 Nxe2 18. Qxe2 h5 19. g4 Ne5 20. g5 0-0 21. f4 Nc4 22. f5 Qd7 23. Rf3 Ne5 24. Rg3 b4 25. cxb4 cxb4 26. Nxb4 a5 27. Nbd3 Ba6 28. f6 exf6 29. Nxe5 Qb7 30. Ned3 fxg5 31. Bxg5 Rfe8 32. Qf3 Bxd3 33. Rxd3 Qxb2 34. Kf1 Rc2 35. Kg1 Be5 36. Rg2 Rb8 37. Bf4 a4 38. Qg3 Bxf4 39. Qxf4 Rb3 40. Rdg3 Kg7 41. Qxd6 1-0